Alle Pokémon von "Goh" - Statistiken

Allgemein
  • Dieses Quiz wurde 21 mal gespielt
  • Das Durchschnittsergebnis liegt bei 34 aus 118
Antwortstatistiken
Attacken
(falls bekannt)
Pokémon % Korrekt
Ruckzuckhieb / Glut Hopplo
86%
Dyna-Brand / Dyna-FaustFeuerball Liberlo
71%
Hammerarm / Lichtkanone Golgantes
57%
Präzisionsschuss / Aquadurchstoß Intelleon
57%
Feuerfeger / Doppelkick Kickerlo
57%
Sandsturm / DrachenstoßDraco Meteor / Drachenklaue Feuerodem Libelldra
57%
Klaps / Aquaknarre Memmeon
57%
Luftschnitt / SchlitzerSchwerttanz / Kreuzschere Metallklaue Scherox
57%
Luftschnitt / SchlitzerSchwerttanz / Kreuzschere Sichlor
57%
Eisstrahl / HydropumpeRegentanz Suicune
57%
Klingensturm / KratzerNachthieb Absol
43%
Alola - Kleinstein
43%
Eisspeer Austos
43%
Duo - Nadel / Aero - Ass Bibor
43%
Zweigstoß Chimpep
43%
Dynamax - Kanone / Unendynastrahlen Endynalos
43%
Hornliu
43%
Eisstrahl / Eissturm Jugong
43%
Platscher Karpador
43%
Kleinstein
43%
Schaufler Knacklion
43%
Kokuna
43%
Fadenschuss Panekon
43%
Kehrtwende Phlegleon
43%
Donnerblitz / Wangenrubbler Pikachu
43%
Felsgrab / Kreuzschere Pinsir
43%
Nachthieb / DoppelteamZerschneider Porenta
43%
Donnerblitz / Wangenrubbler Raichu
43%
Fadenschuss Raupy
43%
Safcon
43%
Stachelspore Smettbo
43%
Taubsi
43%
Fadenschuss Waumpel
43%
Steinhagen / FlügelschlagFeuerodem / Eisenschädel Aerodactyl
29%
Alola - Kokowei
29%
Eisstrahl / ZauberscheinAuroraschleier Alola - Vulnona
29%
Ariados
29%
Bithora
29%
Giftpuder Bluzuk
29%
Camerupt
29%
Damhirplex
29%
Digda
29%
Schaufler / Sandgrab Digdri
29%
Flammenwurf Feurigel
29%
Grasfeld Flabebe
29%
Hitzekoller Flampivian
29%
Grasfeld Floette
29%
Ganovil
29%
Walzer Georok
29%
Golbat
29%
Aquaknarre Goldini
29%
Toxin Gufa
29%
Habitak
29%
Biss / Nassschweif Knirfish
29%
Knofensa
29%
Kokowei
29%
Kramurx
29%
Pulverschnee / LadevorgangSchockschnabel / Eiszahn Lecryodon
29%
Schutzschild Legios
29%
Menki
29%
Schlafpuder Myrapla
29%
Nockchan
29%
Fadenschuss / Sonnentag Pudox
29%
Eisstrahl / Aquaknarre Quapsel
29%
Kugelsaat Raffel
29%
Blitzkanone / BlitzgefängisTurbotempo Regieleki
29%
Kugelsaat Schlaraffel
29%
Scoppel
29%
Steinkante / HärtnerKopfnuss Sedimantur
29%
Giftwolke Sleima
29%
Tauboga
29%
Eisstrahl Tentacha
29%
Kugelsaat / Blattgeißel Tentantel
29%
Psystrahl / Klaps Traumato
29%
Superschall Vibrava
29%
Finale Voltobal
29%
Altaria
14%
Amphizel
14%
Bubungus
14%
Cottini
14%
Dartiri
14%
Dressella
14%
Fermicula
14%
Flegmon
14%
Froxy
14%
Galar - Corasonn
14%
Galar - Flunschlik
14%
Grillmak
14%
Hoothoot
14%
Kiesling
14%
Blubbstrahl Krabby
14%
Superschall Lampi
14%
Agilität & Eisstrahl Mantirps
14%
Nidoran ♀
14%
Nidoran ♂
14%
Ninjatom
14%
Stachelspore Omot
14%
Owei
14%
Paragoni
14%
Paras
14%
Parasek
14%
Pokusan
14%
Purmel
14%
Quartermak
14%
Rattfratz
14%
Rattikarl
14%
Rettan
14%
Schwalbini
14%
Feuerodem Seedraking
14%
Armstoß / FurienschlagVielender / Aero - Ass Skaraborn
14%
Regentanz / Aquaknarre Sodamak
14%
Tannza
14%
Tohaido
14%
Tragosso
14%
Traunfugil
14%
Wiesor
14%
Wingull
14%
Hokumil
0%
Keine übereinstimmenden Quizze gefunden
Verteilung der Resultate
Anzahl Personen mit jedem Resultat
Perzentil nach korrekt beantworteten Fragen
Ihre Resultats-Entwicklung
Sie haben dieses Quiz noch nicht gespielt